| 000 | 00976nam a22002897a 4500 | ||
|---|---|---|---|
| 999 |
_c12678 _d12678 |
||
| 003 | EG-ScBUE | ||
| 005 | 20210527111939.0 | ||
| 008 | 090823s2006 ua f 000 0 ara d | ||
| 017 | _a2005/13928 | ||
| 020 | _a9770913081 | ||
| 040 |
_aEG-ScBUE _bara _erda _cEG-ScBUE _dEG-ScBUE |
||
| 082 | 0 | 4 |
_a892.746 _bح ك ي _222 |
| 100 | 1 |
_aالحكيم، توفيق، _d1898-1987، _eمؤلف. |
|
| 245 | 1 | 0 |
_aعصا الحكيم : _bخطرات حوارية / _cتوفيق الحكيم. |
| 250 | _aالطبعة الأولى. | ||
| 264 | 1 |
_aالقاهرة : _bدار الشروق، _c2006. |
|
| 300 |
_a211 صفحة ؛ _c20 سم. |
||
| 336 |
_2rdacontent _aنص _btxt |
||
| 337 |
_2rdamedia _aبدون وسيط _bn |
||
| 338 |
_2rdacarrier _aمجلد _bnc |
||
| 490 | 0 | _aالموسوعات | |
| 650 | 7 |
_98574 _aالأدب العربي _xتاريخ ونقد _zمصر. _2BUEsh |
|
| 651 | _2BUEsh | ||
| 653 |
_bARALIT _cMay2021 |
||
| 655 |
_vReading book _934232 |
||
| 942 |
_2ddc _cBB |
||